Statistics for Countries Where Penguins Are Found

Click here to take the quiz!

General Stats

  • This quiz has been taken 40 times
  • The average score is 11 of 12

Answer Stats

Country% Correct
Argentina
100%
Australia
100%
Brazil
100%
Peru
100%
Chile
97%
New Zealand
97%
South Africa
95%
Ecuador
92%
Uruguay
92%
Namibia
87%
Mozambique
84%
Angola
82%

Score Distribution

Percentile by Number Answered

Percent of People with Each Score

Your Score History

You have not taken this quiz